Statistics for Caucasus Flag Quiz

Click here to take the quiz!

General Stats

  • This quiz has been taken 44 times
  • The average score is 7 of 8

Answer Stats

Answer% Correct
Russia
100%
Armenia
100%
Azerbaijan
97%
Georgia
97%
Turkey
95%
South Ossetia
82%
Abkhazia
76%
Artsakh
63%

Score Distribution

Percentile by Number Answered

Percent of People with Each Score

Your Score History

You have not taken this quiz